Hombre y mujer: ideas sobre el sexo para los adolescentes.

Guardat en:
Dades bibliogràfiques
Format: Llibre
Idioma:espanyol
Publicat: Barcelona, España Fontanella 1975
Edició:Cuarta edición
Col·lecció:Sexualidad. 14
Matèries:
Etiquetes: Afegir etiqueta
Sense etiquetes, Sigues el primer a etiquetar aquest registre!

MARC

LEADER 00000nam a2200000 a 4500
001 UCY8008
003 CL-VaPUC
005 20250224151551.0
008 950623e19750000SP |||||||||||||||||spa|d
999 |c 235295  |d 235293 
040 |c Pontificia Universidad Católica de Valparaíso 
082 0 4 |a 372.372 HOM 1975  |2 21 
245 1 0 |a Hombre y mujer: ideas sobre el sexo para los adolescentes. 
250 |a Cuarta edición 
260 0 3 |a Barcelona, España  |b Fontanella  |c 1975 
300 |a 48 páginas. 
490 0 |a Sexualidad.  |v 14 
583 |a last modification  |c 19950623 00:00:00  |k Rodrigo Vera 
650 0 |a Educación sexual  |9 308005 
650 7 |a RESPONSABILIDAD DE LOS PADRES  |2 CL-VaPUC  |9 339064 
650 7 |a PARTICIPACION DE LOS PADRES  |2 CL-VaPUC  |9 339065 
650 7 |a MASTURBACION  |2 CL-VaPUC  |9 320728 
650 7 |a EMBARAZO  |2 CL-VaPUC  |9 308235 
650 0 |a Enfermedades venéreas  |9 338972 
650 0 |a Aborto  |9 256680 
650 0 |a Comportamiento sexual  |9 334955 
650 0 |a Sexo  |9 257818 
650 7 |a ETICA SEXUAL  |2 CL-VaPUC  |9 339066 
942 |c BK  |2 ddc 
945 |d 19950623 00:00:00  |a mfernand 
952 |0 0  |1 0  |2 ddc  |4 0  |6 372_372000000000000_HOM_1975  |7 0  |8 P  |9 242615  |a BIBEDU  |b BIBEDU  |c BIBEDU_PB  |d 2019-11-18  |i 1525034  |o 372.372 HOM 1975  |p 1525034  |r 2024-01-25  |t 1  |w 2019-11-18  |y BK  |k EDU